Štatistické zprávy "Hospodárske rozhľady", orgán slovenských obchodných komôr v Banskej Bystrici, Bratislave a Košicicach a Ústredného sdruženia slovenského priemyslu v Bratislave

Na minha lista:
Detalhes bibliográficos
Formato: Periódico
Idioma:eslovaco
Publicado em: Bratislava Slovenská kníhtlačiareň v Bratislave 1931
Tags: Adicionar Tag
Sem tags, seja o primeiro a adicionar uma tag!

MARC

LEADER 00000nas2a2200000$$$4500
001 0009116
005 20041104181437.3
041 0 |a slo 
044 |a SK 
245 1 0 |a Štatistické zprávy  |b "Hospodárske rozhľady", orgán slovenských obchodných komôr v Banskej Bystrici, Bratislave a Košicicach a Ústredného sdruženia slovenského priemyslu v Bratislave 
264 1 |a Bratislava  |b Slovenská kníhtlačiareň v Bratislave  |c 1931 
300 |a 1 zv. 
773 0 |w eu_un_cat*0021754